书目信息 |
| 题名: |
《电子技术基础》模拟部分 教师手册
|
|
| 作者: | 陈大钦 主编 | |
| 分册: | ||
| 出版信息: | 北京 高等教育出版社 1999.10 |
|
| 页数: | 214页 | |
| 开本: | 26cm | |
| 丛书名: | ||
| 单 册: | ||
| 中图分类: | TN101 | |
| 科图分类: | ||
| 主题词: | 真空电子技术--理论 , 真空电子学 | |
| 电子资源: | ||
| ISBN: | 7-04-007604-7 | |
| 000 | 00642nam0 2200217 45 | |
| 001 | 0010301657 | |
| 005 | 20041201150334.1 | |
| 010 | @a7-04-007604-7@dCNY20.00 | |
| 100 | @a20001030d1999 km y0chiy0120 ea | |
| 101 | 0 | @achi |
| 105 | @a z 000yy | |
| 200 | 1 | @a《电子技术基础》模拟部分 教师手册@A《Dian Zi Ji Shu Ji Chu》Mo Ni Bu Fen Jiao Shi Shou Ce@f陈大钦主编@FChen Da Qin Zhu Bian |
| 205 | @a第四版 | |
| 210 | @a北京@c高等教育出版社@d1999.10 | |
| 215 | @a214页@d26cm | |
| 606 | 0 | @a真空电子技术@x理论 |
| 606 | 0 | @a真空电子学 |
| 690 | @aTN101@v3 | |
| 701 | 0 | @a陈大钦@4主编 |
| 801 | @aCN@bTSTC@c20001030 | |
| 905 | @dTN101@e15:1=4(+) | |
| 《电子技术基础》模拟部分 教师手册/陈大钦主编.-第四版.-北京:高等教育出版社,1999.10 |
| 214页;26cm |
| ISBN 7-04-007604-7:CNY20.00 |
| ● |
| 相关链接 |
|
|
|
|
正题名:《电子技术基础》模拟部分 教师手册
索取号:TN101/15:1=4(+)
 
预约/预借
| 序号 | 登录号 | 条形码 | 馆藏地/架位号 | 状态 | 备注 |
| 1 | 0289919 | 002899199 | 第三借阅区/ [索取号:TN101/15:1=4(+)] | 在馆 | |
| 2 | 0292250 | 002922500 | 第三借阅区/ [索取号:TN101/15:1=4(+)] | 在馆 | |
| 3 | 0292251 | 002922519 | 第三借阅区/ [索取号:TN101/15:1=4(+)] | 在馆 | |
| 4 | 0292252 | 002922528 | 第三借阅区/ [索取号:TN101/15:1=4(+)] | 在馆 | |
| 5 | 0292253 | 002922537 | 第三借阅区/ [索取号:TN101/15:1=4(+)] | 在馆 | |
| 6 | 0292254 | 002922546 | 第三借阅区/ [索取号:TN101/15:1=4(+)] | 在馆 | |
| 7 | 0292255 | 002922555 | 第三借阅区/ [索取号:TN101/15:1=4(+)] | 在馆 | |
| 8 | 0292256 | 002922564 | 第三借阅区/ [索取号:TN101/15:1=4(+)] | 在馆 | |
| 9 | 0292257 | 002922573 | 第三借阅区/ [索取号:TN101/15:1=4(+)] | 在馆 | |
| 10 | 0292258 | 002922582 | 第三借阅区/ [索取号:TN101/15:1=4(+)] | 在馆 | |
| 11 | 0292259 | 002922591 | 第三借阅区/ [索取号:TN101/15:1=4(+)] | 在馆 | |
| 12 | 0292260 | 002922608 | 第三借阅区/ [索取号:TN101/15:1=4(+)] | 在馆 | |
| 13 | 0292261 | 002922617 | 第三借阅区/ [索取号:TN101/15:1=4(+)] | 在馆 | |
| 14 | 0292262 | 002922626 | 第二样本阅览室/ [索取号:TN101/15:1=4(+)] | 在馆 |